| 000 | 00744nam a22001817a 4500 | ||
|---|---|---|---|
| 003 | BD-DhUL | ||
| 005 | 20180530143116.0 | ||
| 008 | 180530s1981 ii |||| |||| 000 0 ben d | ||
| 040 |
_aBD-DhUL _cBD-DhUL |
||
| 082 |
_a891.443 _bSAD |
||
| 100 | 1 | _aসতীনাথ ভাদুড়ী | |
| 245 | 1 | 0 |
_aঢোঁড়াই চরিত মানস (প্রথম ও দ্বিতীয় চরণ একত্রে) / _cসতীনাথ ভাদুড়ী |
| 260 |
_aকলিকাতা : _bবেঙ্গল পাবলিশার্স, _c১৯৮১। |
||
| 300 |
_a৩৫২ পৃ. ; _c২০ সেমি. |
||
| 650 | 0 | _aবাংলা উপন্যাস। | |
| 650 | _aBenglai Fiction. | ||
| 942 |
_2ddc _cBK |
||
| 999 |
_c241779 _d241779 |
||